LIBRARY & INFORMATION CENTRE, KCAET, TAVANUR

ONLINE PUBLIC ACCESS CATALOGUE (OPAC)

Ingenous mechanisma for designers and inventors, Vol 2 / (Record no. 5477)

MARC details
000 -LEADER
fixed length control field 00425cam a2200157ua 4500
041 ## - LANGUAGE CODE
Language code of text/sound track or separate title eng
082 ## - DEWEY DECIMAL CLASSIFICATION NUMBER
Classification number 821.8
Item number JON/IN
100 ## - MAIN ENTRY--AUTHOR NAME
Personal name Jones, Franklin D .
245 00 - TITLE STATEMENT
Title Ingenous mechanisma for designers and inventors, Vol 2 /
250 ## - EDITION STATEMENT
Edition statement 1 /
260 ## - PUBLICATION, DISTRIBUTION, ETC. (IMPRINT)
Place of publication New York :
Name of publisher The Industrial Press ,
Year of publication 1957.
300 ## - PHYSICAL DESCRIPTION
Number of Pages 538 ; .
942 ## - ADDED ENTRY ELEMENTS (KOHA)
Koha item type Books
Holdings
Withdrawn status Lost status Damaged status Home library Current library Date acquired Full call number Accession Number Koha item type
      KAUAET KAUAET 07/04/2012 621.8 3834 Books
free website counter